00510 a2200157 4500020002300000035001300023037004400036082001300080100001800093245005200111250001500163260004400178270008700222300002300309500002000332 a8124109060c140.00 aB-210797 bRP-LR-37 / PANSY-07-08:3 / RP-07-08:ENG14a320.09541 aAwasthy, S.S.1 aIndian government and politicscby S.S. Awasthy a2nd rev.ed aNew DelhibHar-Anand Publicationsc2006 aE-49/3, Okhla Industrial Area, Ph-IIbNew DelhicDelhie110020k41603490l41708607 a520 pc22 cm (pbk) aincludes index